000 00644cam a22002172 4500
001 0000020872
005 20151217152223.0
008 111025s xx 000 0 eng d
020 _a9966744878 :
040 _aKABU
_cKABU
100 1 _aChipeta, B. D.
_@0000181442
245 1 0 _aMagistrate's manual /
_cB. D. Chipeta.
250 _a1st ed.
260 _aNairobi, Kenya :
_bLawAfrica,
_c2010.
300 _axxii, 258 p.
650 0 _aPolice magistrates
_zTanzania.
_@0000181507
650 0 _aJustice of the peace
_zTanzania.
_@0000181508
852 1 _9p1000 KES
908 _a111025
950 _@1
999 _c9535
_d9535